| 000 | 02355nam a2200421 i 4500 | ||
|---|---|---|---|
| 001 | ebr10846131 | ||
| 003 | CaPaEBR | ||
| 006 | m o d | ||
| 007 | cr cn||||||||| | ||
| 008 | 130729t20142014njua ob 001 0 eng|d | ||
| 020 | _z9780691159058 (hardcover : alk. paper) | ||
| 020 | _a9781400850266 (e-book) | ||
| 040 |
_aCaPaEBR _beng _erda _epn _cCaPaEBR |
||
| 035 | _a(OCoLC)873806133 | ||
| 043 | _ae-ur--- | ||
| 050 | 1 | 4 |
_aKLA3040 _b.P73 2014eb |
| 082 | 0 | 4 |
_a333.10947/09034 _223 |
| 100 | 1 |
_aPravilova, E. A. _q(Ekaterina Anatolevna), _eauthor. |
|
| 245 | 1 | 2 |
_aA public empire : _bproperty and the quest for the common good in imperial Russia / _cEkaterina Pravilova. |
| 264 | 1 |
_aPrinceton : _bPrinceton University Press, _c[2014] |
|
| 264 | 4 | _c�2014 | |
| 300 |
_a1 online resource (448 pages) : _billustrations |
||
| 336 |
_atext _2rdacontent |
||
| 337 |
_acomputer _2rdamedia |
||
| 338 |
_aonline resource _2rdacarrier |
||
| 504 | _aIncludes bibliographical references and index. | ||
| 505 | 0 | _aWhose nature? Environmentalism, industrialization, and the politics of property -- The meanings of property -- Forests, minerals, and the controversy over property in post-emancipation Russia -- Nationalizing rivers, expropriating lands -- The treasures of the fatherland -- Inventing national patrimony -- Private possessions and national art -- "Estates on Parnassus": literary property and cultural reform -- Writers and the audience: legal provisions and public discourse -- The private letters of national literature. | |
| 588 | _aDescription based on print version record. | ||
| 590 | _aElectronic reproduction. Palo Alto, Calif. : ebrary, 2014. Available via World Wide Web. Access may be limited to ebrary affiliated libraries. | ||
| 650 | 0 |
_aPublic domain _zRussia _xHistory. |
|
| 650 | 0 |
_aRight of property _zRussia _xHistory. |
|
| 650 | 0 |
_aGovernment ownership _zRussia _xHistory. |
|
| 651 | 0 |
_aRussia _xHistory _y1613-1917. |
|
| 655 | 0 | _aElectronic books. | |
| 776 | 0 | 8 |
_iPrint version: _aPravilova, E. A. _tPublic empire : property and the quest for the common good in imperial Russia. _dPrinceton : Princeton University Press, [2014] _z9780691159058 _w(DLC)10846131 |
| 797 | 2 | _aebrary. | |
| 856 | 4 | 0 |
_uhttp://site.ebrary.com/lib/rucke/Doc?id=10846131 _zAn electronic book accessible through the World Wide Web; click to view |
| 999 |
_c93970 _d93970 |
||